"Nací poeta y siempre soy poeta" : encuentros de un chavalo con Ernesto Cardenal /

Bibliographic Details
Main Author: Aguilera Flores, Antonio (Author)
Format: Electronic eBook
Language:Spanish
Published: Ciudad de Guatemala, Guatemala : Universidad Rafael Landívar, Editorial Cara Parens, [2024]
Series:Colección Limen ; 1.
Subjects:
Online Access:Digitalia Hispánica

MARC

LEADER 00000nam a2200000Ii 4500
001 DIGCARPAR0040
003 NyNyDIG
006 m o d
007 cr |||||||||||
008 250103s2024 gt a o 000 0 spa d
035 |a (OCoLC)1474612449 
040 |a DGITA  |b eng  |e rda  |e pn  |c DGITA 
020 |a 9789929546530  |q edición digital  |q pdf 
020 |z 9789929546523  |q edición física 
050 1 4 |a PQ7519.C34 ebook 
100 1 |a Aguilera Flores, Antonio,  |e author. 
245 1 0 |a "Nací poeta y siempre soy poeta" :  |b encuentros de un chavalo con Ernesto Cardenal /  |c Antonio Aguilera Flores. 
246 3 |a Nací poeta y siempre soy poeta 
264 1 |a Ciudad de Guatemala, Guatemala :  |b Universidad Rafael Landívar, Editorial Cara Parens,  |c [2024] 
300 |a 1 online resource :  |b illustrations. 
336 |a text  |b txt  |2 rdacontent 
337 |a computer  |b c  |2 rdamedia 
338 |a online resource  |b cr  |2 rdacarrier 
347 |a text file  |2 rdaft 
347 |b PDF 
490 1 |a Colección Limen ;  |v 1 
588 0 |a Online resource; title from PDF title page (Digitalia, viewed January 3, 2025) 
600 1 0 |a Cardenal, Ernesto  |x Criticism and interpretation. 
650 0 |a Poets, Nicaraguan  |y 20th century. 
791 2 |a Digitalia (Firm),  |e distributor. 
793 0 |g Digitalia eBook Collection:  |a Editorial Cara Parens 
776 0 8 |i Print version:  |a Aguilera Flores, Antonio.  |t "Nací poeta y siempre soy poeta".  |d Ciudad de Guatemala, Guatemala : Universidad Rafael Landívar, Editorial Cara Parens, [2024]  |z 9789929546523 
830 0 |a Colección Limen ;  |v 1. 
856 4 0 |3 Digitalia Hispánica  |u https://www.digitaliapublishing.com/a/163202/ 
910 |a Premium collection: 2025